[Event "Titled Tuesday intern op 06th Feb Late"]
[Site "Chess.com INT"]
[Date "2024.02.06"]
[Round "7"]
[White "Kokoszczynski, Jan"]
[Black "Coca Cubillos, Jesus Alberto"]
[Result "1-0"]
[WhiteElo "2272"]
[BlackElo "1944"]
[PlyCount "115"]
[EventDate "2024.02.06"]
[EventType "swiss (blitz)"]
[EventRounds "11"]
[EventCountry "USA"]
[SourceTitle "CB07_2024"]
[SourceDate "2024.02.14"]
[SourceVersion "1"]
[SourceVersionDate "2024.02.14"]
[SourceQuality "1"]

1. e4 g6 2. d4 Bg7 3. Nc3 d6 4. f4 Nh6 5. Nf3 0-0 6. Bd3 Kh8 7. Be3 e6 8. Qd2 Nc6 9. h3 f5 10. e5 Nf7 11. 0-0-0 a6 12. g4 dxe5 13. dxe5 Nb4 14. Be2 Qxd2+ 15. Rxd2 b6 16. Rhd1 Bb7 17. Rd7 Rac8 18. Nd4 Nd5 19. Nxd5 Bxd5 20. c4 c5 21. Nf3 Bc6 22. Ra7 a5 23. g5 Kg8 24. h4 Rfd8 25. h5 Rxd1+ 26. Bxd1 Nd8 27. h6 Bf8 28. Nd2 Bb7 29. Nb1 Rc7 30. Nc3 Nc6 31. Nb5 Rd7 32. Rxb7 Rxb7 33. Bf3 Nd8 34. Bxb7 Nxb7 35. Nc7 Kf7 36. Na8 Be7 37. Nxb6 Bd8 38. Na4 Be7 39. Kd2 Ke8 40. Kc3 Kd7 41. Kd3 Kc6 42. Nc3 Bd8 43. Kc2 Be7 44. Kb3 Nd8 45. Ka4 Kb6 46. a3 Nc6 47. Ne2 Ka6 48. Ng1 Kb6 49. Nf3 Bd8 50. Nh4 Ne7 51. b4 axb4 52. axb4 Kc6 53. Bxc5 Ng8 54. Nxg6 Kc7 55. Nh4 Kd7 56. Bf2 Ne7 57. b5 Bc7 58. g6 1-0

[Event "Titled Tuesday intern op 23rd Jan Late"]
[Site "Chess.com INT"]
[Date "2024.01.23"]
[Round "2"]
[White "Kokoszczynski, Jan"]
[Black "Bochnicka, Vladimir1"]
[Result "1-0"]
[WhiteElo "2250"]
[BlackElo "2398"]
[PlyCount "97"]
[EventDate "2024.01.23"]
[EventType "swiss (blitz)"]
[EventRounds "11"]
[EventCountry "USA"]
[SourceTitle "CB05_2024"]
[SourceDate "2024.01.31"]
[SourceVersion "1"]
[SourceVersionDate "2024.01.31"]
[SourceQuality "1"]

1. d4 Nf6 2. Nf3 g6 3. Nc3 d5 4. Bf4 Bg7 5. Nb5 Na6 6. e3 0-0 7. h3 c5 8. c3 Bd7 9. a4 c4 10. Be2 Qb6 11. 0-0 Bxb5 12. axb5 Qxb5 13. b4 Ne4 14. Qc2 Rac8 15. Ra5 Qd7 16. Rfa1 h5 17. Nd2 Nxd2 18. Qxd2 Rfe8 19. Bf3 e6 20. e4 dxe4 21. Bxe4 Nxb4 22. cxb4 Qxd4 23. Qxd4 Bxd4 24. Rc1 e5 25. Bg5 c3 26. Bxb7 Rb8 27. Bc6 Re6 28. b5 Kf8 29. Be3 Rd6 30. Kf1 Rbd8 31. Ra2 Ke7 32. g4 hxg4 33. hxg4 Ke6 34. g5 f5 35. gxf6 Kxf6 36. Be4 Rh8 37. Ke2 Bxe3 38. Kxe3 Rh3+ 39. f3 Kg5 40. Rg2+ Kf6 41. Rxg6+ Ke7 42. Rxd6 Kxd6 43. Rxc3 Rh1 44. Rc6+ Kd7 45. Ra6 Re1+ 46. Kf2 Rc1 47. Rxa7+ Ke6 48. b6 Rc5 49. b7 1-0

[Event "Titled Tuesday intern op 16th Jan Late"]
[Site "Chess.com INT"]
[Date "2024.01.16"]
[Round "3"]
[White "Kokoszczynski, Jan"]
[Black "Golubovic, Erik"]
[Result "1-0"]
[WhiteElo "2250"]
[BlackElo "2025"]
[PlyCount "57"]
[EventDate "2024.01.16"]
[EventType "swiss (blitz)"]
[EventRounds "11"]
[EventCountry "USA"]
[SourceTitle "CB04_2024"]
[SourceDate "2023.10.16"]
[SourceVersion "1"]
[SourceVersionDate "2023.10.16"]
[SourceQuality "1"]

1. e4 c5 2. Nf3 d6 3. d4 cxd4 4. Qxd4 Nc6 5. Bb5 Bd7 6. Qd3 Nf6 7. Nc3 e6 8. Bg5 Be7 9. 0-0-0 0-0 10. Rhe1 Qa5 11. Kb1 a6 12. Bxc6 Bxc6 13. h4 h6 14. Bd2 Qc7 15. Nd4 b5 16. f3 Rfc8 17. g4 Nd7 18. g5 Ne5 19. Qe2 b4 20. f4 bxc3 21. Bxc3 Ng6 22. gxh6 Rab8 23. f5 Bb5 24. Qe3 Be8 25. Ka1 Ne5 26. hxg7 Bf6 27. Qh6 Bxg7 28. Rg1 f6 29. Nxe6 1-0

[Event "Rilton Cup 51st"]
[Site "Stockholm"]
[Date "2024.01.02"]
[Round "6"]
[White "Dixit, Nikhil"]
[Black "Kokoszczynski, Jan"]
[Result "0-1"]
[WhiteElo "2365"]
[BlackElo "2250"]
[PlyCount "56"]
[EventDate "2023.12.27"]
[EventType "swiss"]
[EventRounds "9"]
[EventCountry "SWE"]
[SourceTitle "CB02_2024"]
[SourceDate "2024.01.10"]
[SourceVersion "1"]
[SourceVersionDate "2024.01.10"]
[SourceQuality "1"]

1. e4 e5 2. Nf3 Nf6 3. d4 Nxe4 4. Bd3 d5 5. Nxe5 Nd7 6. 0-0 Bd6 7. Nxd7 Bxd7 8. Qf3 0-0 9. c4 Qh4 10. g3 Bg4 11. Qe3 Qh3 12. Re1 Rae8 13. Bf1 Qh5 14. Bg2 Bb4 15. Rf1 Be2 16. Qb3 Bxf1 17. Bxf1 Be1 18. Be3 Qf5 19. Qc2 Nxg3 20. Qxf5 Nxf5 21. Na3 Nxe3 22. fxe3 Bd2 23. cxd5 Bxe3+ 24. Kg2 Bxd4 25. Nc4 Rd8 26. Rd1 Rxd5 27. Ne3 Rg5+ 28. Kf3 Bxe3 0-1

[Event "Titled Tuesday intern op 12th Dec Early"]
[Site "Chess.com INT"]
[Date "2023.12.12"]
[Round "8"]
[White "Corrales Jimenez, Fidel"]
[Black "Kokoszczynski, Jan"]
[Result "0-1"]
[WhiteElo "2527"]
[BlackElo "2250"]
[PlyCount "190"]
[EventDate "2023.12.12"]
[EventType "swiss (blitz)"]
[EventRounds "11"]
[EventCountry "USA"]
[SourceTitle "CB51_2023"]
[SourceDate "2023.12.20"]
[SourceVersion "1"]
[SourceVersionDate "2023.12.20"]
[SourceQuality "1"]

1. e4 c5 2. Nf3 d6 3. d4 cxd4 4. Nxd4 Nf6 5. Nc3 g6 6. Be3 Bg7 7. Qd2 0-0 8. f3 Nc6 9. 0-0-0 d5 10. exd5 Nxd5 11. Nxc6 bxc6 12. Bd4 e5 13. Bc5 Re8 14. Ne4 Qc7 15. g4 Be6 16. h4 h6 17. g5 h5 18. Bc4 Rad8 19. Bb3 Nf4 20. Bd6 Qb6 21. Kb1 Bd5 22. c4 Bxe4+ 23. fxe4 c5 24. Ba4 Re6 25. Bxc5 Rxd2 26. Bxb6 Rxd1+ 27. Rxd1 axb6 28. Rd2 f6 29. c5 bxc5 30. Bb3 fxg5 31. a4 c4 32. Bxc4 gxh4 33. a5 Bf8 34. Rd8 Kg7 35. Bxe6 Nxe6 36. Rc8 Bc5 37. a6 h3 38. Rxc5 Nxc5 39. a7 h2 40. a8Q h1Q+ 41. Ka2 Qxe4 42. Qa7+ Nb7 43. Qb6 h4 44. Qc7+ Kh6 45. Qe7 Qa4+ 46. Kb1 Qd1+ 47. Ka2 Qd5+ 48. b3 Nd6 49. Qxh4+ Kg7 50. Qe7+ Nf7 51. Qh4 e4 52. Qe1 Nd6 53. Qc3+ Kf7 54. Qc7+ Kf6 55. Qc3+ Qe5 56. Qe3 Nb5 57. Qb6+ Kf5 58. Qf2+ Ke6 59. Qb6+ Nd6 60. Qe3 Qa5+ 61. Kb2 Qd5 62. Ka2 Qd3 63. Qg5 e3 64. Qg4+ Qf5 65. Qe2 Qe5 66. Qg4+ Kf7 67. Qf3+ Kg7 68. Qe2 Nb5 69. Qe1 e2 70. b4 Nd4 71. Kb2 Nf3+ 72. Qc3 Qxc3+ 73. Kxc3 e1Q+ 74. Kc4 Qxb4+ 75. Kxb4 Kf6 76. Kc3 Kf5 77. Kd3 Kf4 78. Ke2 g5 79. Kf2 g4 80. Kg2 Ne5 81. Kf2 Ng6 82. Kg2 Ne7 83. Kf2 Nf5 84. Kg2 Ne3+ 85. Kf2 g3+ 86. Kg1 Kf3 87. Kh1 Nd5 88. Kg1 Nf4 89. Kf1 g2+ 90. Ke1 Ke3 91. Kd1 Kd3 92. Kc1 Kc3 93. Kb1 g1Q+ 94. Ka2 Qh1 95. Ka3 Qa8# 0-1

[Event "POL-chT 1st League"]
[Site "Leba"]
[Date "2023.09.28"]
[Round "6.7"]
[White "Klimkowski, Jan"]
[Black "Kokoszczynski, Jan"]
[Result "1-0"]
[WhiteElo "2506"]
[BlackElo "2232"]
[PlyCount "61"]
[EventDate "2023.09.23"]
[EventType "team-swiss"]
[EventRounds "9"]
[EventCountry "POL"]
[SourceTitle "EXT 2024"]
[Source "ChessBase"]
[SourceDate "2023.10.10"]
[SourceVersion "1"]
[SourceVersionDate "2023.10.10"]
[SourceQuality "1"]
[WhiteTeam "Konin UKS Smecz"]
[BlackTeam "Wieliczka MKS MOS"]
[WhiteTeamCountry "POL"]
[BlackTeamCountry "POL"]

1. e4 e5 2. Nf3 Nc6 3. Bb5 a6 4. Ba4 Nf6 5. d3 d6 6. c3 g6 7. 0-0 Bg7 8. h3 0-0 9. Re1 Re8 10. Be3 Bd7 11. Nbd2 Qe7 12. b4 Qf8 13. Bb3 Be6 14. a4 Bxb3 15. Qxb3 Nd8 16. b5 axb5 17. axb5 Ne6 18. b6 c6 19. Ra7 Rab8 20. Nc4 Nd7 21. Na5 Nd8 22. Nd2 Qe7 23. d4 h6 24. d5 c5 25. Ndc4 Kh8 26. Qa4 Bf8 27. Rd1 Kg8 28. Nc6 bxc6 29. dxc6 Nxc6 30. Qxc6 Red8 31. Rxd6 1-0

[Event "POL-chT 1st League"]
[Site "Leba"]
[Date "2023.09.26"]
[Round "4.5"]
[White "Dragun, Kamil"]
[Black "Kokoszczynski, Jan"]
[Result "1-0"]
[WhiteElo "2550"]
[BlackElo "2232"]
[PlyCount "43"]
[EventDate "2023.09.23"]
[EventType "team-swiss"]
[EventRounds "9"]
[EventCountry "POL"]
[SourceTitle "EXT 2024"]
[Source "ChessBase"]
[SourceDate "2023.10.10"]
[SourceVersion "1"]
[SourceVersionDate "2023.10.10"]
[SourceQuality "1"]
[WhiteTeam "Gorzow Wielkopolski Stilon"]
[BlackTeam "Wieliczka MKS MOS"]
[WhiteTeamCountry "POL"]
[BlackTeamCountry "POL"]

1. d4 d5 2. c4 c6 3. Nc3 Nf6 4. e3 e6 5. b3 Nbd7 6. Bb2 b6 7. Bd3 Bb7 8. Nge2 Be7 9. 0-0 0-0 10. Ng3 Rc8 11. Qe2 Re8 12. Rad1 Qc7 13. Bb1 c5 14. cxd5 exd5 15. Qf3 Bf8 16. e4 dxe4 17. Ncxe4 Nxe4 18. Nxe4 cxd4 19. Rxd4 Ne5 20. Nf6+ Kh8 21. Qf5 Ng6 22. Rh4 1-0

[Event "POL-chT 1st League"]
[Site "Leba"]
[Date "2023.09.25"]
[Round "3.8"]
[White "Kokoszczynski, Jan"]
[Black "Miroslaw, Michal"]
[Result "1-0"]
[WhiteElo "2232"]
[BlackElo "2233"]
[PlyCount "99"]
[EventDate "2023.09.23"]
[EventType "team-swiss"]
[EventRounds "9"]
[EventCountry "POL"]
[SourceTitle "EXT 2024"]
[Source "ChessBase"]
[SourceDate "2023.10.10"]
[SourceVersion "1"]
[SourceVersionDate "2023.10.10"]
[SourceQuality "1"]
[WhiteTeam "Wieliczka MKS MOS"]
[BlackTeam "Lublin LKSz"]
[WhiteTeamCountry "POL"]
[BlackTeamCountry "POL"]

1. d4 d5 2. c4 e6 3. Nf3 Nf6 4. g3 Be7 5. Bg2 0-0 6. 0-0 c6 7. Nbd2 Nbd7 8. Qc2 b6 9. Rd1 Bb7 10. e4 Qc8 11. e5 Ne8 12. b3 Nc7 13. Bb2 Qd8 14. Rac1 Rc8 15. a3 a5 16. Qb1 Ba6 17. Nf1 f6 18. exf6 Rxf6 19. Ne3 Qf8 20. Ng5 g6 21. f4 Rxf4 22. Nxh7 Kxh7 23. gxf4 Qxf4 24. Qd3 Bd6 25. Nf1 Nf6 26. Rc2 Kg7 27. Bc1 Qh4 28. Qh3 Qxh3 29. Bxh3 Rh8 30. Bg2 a4 31. cxd5 Bxf1 32. Kxf1 Nfxd5 33. Rxc6 Bxh2 34. bxa4 Rf8+ 35. Ke2 Ra8 36. Rh1 Bf4 37. Bxd5 Nxd5 38. Bxf4 Nxf4+ 39. Kf3 g5 40. Rxb6 Rxa4 41. Ra1 Rxd4 42. a4 Kf6 43. Rb8 Nd5 44. a5 g4+ 45. Kg3 Ne3 46. a6 Nf5+ 47. Kg2 Rd2+ 48. Kg1 Nd4 49. Rf8+ Kg5 50. a7 1-0